Thermodynamics (Record no. 8344)

000 -LEADER
fixed length control field 00603nam a2200217 i 4500
001 - CONTROL NUMBER
control field 8344
003 - CONTROL NUMBER IDENTIFIER
control field BD-DhUET
008 - FIXED-LENGTH DATA ELEMENTS--GENERAL INFORMATION
fixed length control field 770308s1978 nyua b 001 0 eng
020 ## - INTERNATIONAL STANDARD BOOK NUMBER
International Standard Book Number 0023355301
040 ## - CATALOGING SOURCE
Original cataloging agency DLC
Transcribing agency DLC
Modifying agency BD-DhUET
082 ## - DEWEY DECIMAL CLASSIFICATION NUMBER
Classification number 621.01
Item number FAI/1970
100 ## - MAIN ENTRY--PERSONAL NAME
Personal name Faires, Virgil Moring
245 10 - TITLE STATEMENT
Title Thermodynamics
Statement of responsibility, etc. by Virgil Moring Faires and Clifford Max Simmang
250 ## - EDITION STATEMENT
Edition statement 6th ed.
260 ## - PUBLICATION, DISTRIBUTION, ETC. (IMPRINT)
Place of publication, distribution, etc. New York
Name of publisher, distributor, etc. Macmillan
Date of publication, distribution, etc. 1970
300 ## - PHYSICAL DESCRIPTION
Extent xxiii, 647 p.
Other physical details ill.
Dimensions 26 cm.
504 ## - BIBLIOGRAPHY, ETC. NOTE
Bibliography, etc Includes bibliographies
650 #0 - SUBJECT ADDED ENTRY--TOPICAL TERM
Topical term or geographic name as entry element Thermodynamics
700 ## - ADDED ENTRY--PERSONAL NAME
Personal name Simmang, Clifford Max
942 ## - ADDED ENTRY ELEMENTS (KOHA)
Koha item type General Book
Holdings
Date acquired Copy number Koha item type Koha normalized classification for sorting Piece designation (barcode) Source of classification or shelving scheme Withdrawn status Lost status Koha date last seen Location (home branch) Damaged status Koha full call number Not for loan Price effective from Sublocation or collection (holding branch) Shelving location
2015-01-201General Book621_010000000000000_FAI_197842943   2015-01-20Central Library, BUET 621.01/FAI/1978 2015-01-20Central Library, BUETCirculation section
1985-06-11৬/ক-১Rental Item621_010000000000000_FAI_197063135   2024-12-11Central Library, BUET 621.01 FAI/1970 2024-12-11Central Library, BUETRental section
1985-06-11৬/ক-২Rental Item621_010000000000000_FAI_197063136   2024-12-11Central Library, BUET 621.01 FAI/1970 2024-12-11Central Library, BUETRental section
1985-06-11৬/ক-৩Rental Item621_010000000000000_FAI_197063137   2024-12-11Central Library, BUET 621.01 FAI/1970 2024-12-11Central Library, BUETRental section
1985-06-11৬/ক-৪Rental Item621_010000000000000_FAI_197063138   2024-12-11Central Library, BUET 621.01 FAI/1970 2024-12-11Central Library, BUETRental section
1985-06-11৬/ক-৫Rental Item621_010000000000000_FAI_197063139   2024-12-11Central Library, BUET 621.01 FAI/1970 2024-12-11Central Library, BUETRental section
1985-06-11৬/ক-৬Rental Item621_010000000000000_FAI_197063140   2024-12-11Central Library, BUET 621.01 FAI/1970 2024-12-11Central Library, BUETRental section
1985-06-11৬/ক-৭Rental Item621_010000000000000_FAI_197063141   2024-12-11Central Library, BUET 621.01 FAI/1970 2024-12-11Central Library, BUETRental section
1985-06-11৬/ক-৮Rental Item621_010000000000000_FAI_197063142   2024-12-11Central Library, BUET 621.01 FAI/1970 2024-12-11Central Library, BUETRental section
1985-06-11৬/ক-৯Rental Item621_010000000000000_FAI_197063143   2024-12-11Central Library, BUET 621.01 FAI/1970 2024-12-11Central Library, BUETRental section
1985-06-11৬/ক-১০Rental Item621_010000000000000_FAI_197063144   2024-12-11Central Library, BUET 621.01 FAI/1970 2024-12-11Central Library, BUETRental section
1985-06-11৬/ক-১১Rental Item621_010000000000000_FAI_197063145   2024-12-11Central Library, BUET 621.01 FAI/1970 2024-12-11Central Library, BUETRental section
1985-06-11৬/ক-১২Rental Item621_010000000000000_FAI_197063146   2024-12-11Central Library, BUET 621.01 FAI/1970 2024-12-11Central Library, BUETRental section
1985-06-11৬/ক-১৩Rental Item621_010000000000000_FAI_197063147   2024-12-11Central Library, BUET 621.01 FAI/1970 2024-12-11Central Library, BUETRental section
1985-06-11৬/ক-১৪Rental Item621_010000000000000_FAI_197063148   2024-12-11Central Library, BUET 621.01 FAI/1970 2024-12-11Central Library, BUETRental section
1985-06-11৬/ক-১৫Rental Item621_010000000000000_FAI_197063149   2024-12-11Central Library, BUET 621.01 FAI/1970 2024-12-11Central Library, BUETRental section
1985-06-11৬/ক-১৬Rental Item621_010000000000000_FAI_197063150   2024-12-11Central Library, BUET 621.01 FAI/1970 2024-12-11Central Library, BUETRental section
1985-06-11৬/ক-১৭Rental Item621_010000000000000_FAI_197063151   2024-12-11Central Library, BUET 621.01 FAI/1970 2024-12-11Central Library, BUETRental section
1985-06-11৬/ক-১৮Rental Item621_010000000000000_FAI_197063152   2024-12-11Central Library, BUET 621.01 FAI/1970 2024-12-11Central Library, BUETRental section
1985-06-11৬/ক-১৯Rental Item621_010000000000000_FAI_197063153   2024-12-11Central Library, BUET 621.01 FAI/1970 2024-12-11Central Library, BUETRental section
1985-06-11৬/ক-২০Rental Item621_010000000000000_FAI_197063154   2024-12-11Central Library, BUET 621.01 FAI/1970 2024-12-11Central Library, BUETRental section